Negroes in Brazil : a study of race contact at Bahia /

Bibliographic Details
Main Author: Pierson, Donald
Format: Book
Language:English
Published: Chicago, Ill. : The University of Chicago press, [1942]
Series:University of Chicago sociological series.
Subjects:

MARC

Tag First Indicator Second Indicator Subfields
LEADER 00000cam a2200000 4500
001 in00000067543
005 20151007083752.0
008 720222s1942 iluacf b 00010 eng
010 |a  42018926  
035 |a (OCoLC)00245617 
035 |9 AAF9848AM 
040 |a DLC  |c YNG  |d OCL  |d TXA  |d UtOrBLW 
049 |a TXAM  |c [117302] 
090 |a F2659.N4  |b P5 
092 |a 325.260981  |b P624n 
100 1 |a Pierson, Donald. 
245 1 0 |a Negroes in Brazil :  |b a study of race contact at Bahia /  |c by Donald Pierson. 
264 1 |a Chicago, Ill. :  |b The University of Chicago press,  |c [1942] 
300 |a 392 pages :  |b including illustrations, tables, diagrams frontispiece, plates, portrait 
336 |a text  |b txt  |2 rdacontent 
337 |a unmediated  |b n  |2 rdamedia 
338 |a volume  |b nc  |2 rdacarrier 
490 1 |a The University of Chicago sociological series 
500 |a "Selected bibliography": pages [369]-379. 
650 0 |a Blacks  |z Brazil. 
650 0 |a Blacks  |z Brazil  |z Bahia (City) 
651 0 |a Bahia (Brazil : City)  |x Social conditions. 
830 0 |a University of Chicago sociological series. 
999 |a MARS 
999 f f |s 4f4de360-4331-3804-9b2f-719578af894a  |i a7a3af80-4880-3342-87ac-5d0944f1de01  |t 0 
952 f f |p normal  |a Texas A&M University  |b College Station  |c Sterling C. Evans Library  |d Evans: Library Stacks  |t 0  |e F2659.B53 P5  |h Library of Congress classification  |i unmediated -- volume  |m A14800671117 
998 f f |a F2659.B53 P5  |t 0  |l Evans: Library Stacks